00858nam a2200157 a 450000100100000000500170001000800410002704000250006810000370009324503180013026000380044830000210048604900090050795201670051699900170068300003232620200930065601.0110714s1924 dr 000 0 spa d aDO-SdBNPbspacBNPHU1 aCastillo S., Manuel de J.95833710aMemoria, con anexos correspondientes, que presenta el gobierno provincial, ciudadano Manuel de J. Castillo S. al Consejo Provincial de Santo Domingo y al Hon. secretario de E. de Interior, Policia, Guerra y Marina de la labor efectuada entre el 12 de julio y el 31 de diciembre de 1924 /cManuel de J. Castillo S. aSanto Domingo :b[s.n.],c[1924]. a103 p. ;c27 cm. aBNPD 001050718RVaPDbPDcCTd2011-07-14iLF1l0o p32326-10r2020-06-25w2020-06-25y1zPerteneció a la biblioteca personal de Julio Ortega Frier.ZNo se presta c31817d31817